000 00371nam a2200145Ia 4500
008 240729s9999 xx 000 0 und d
022 _a2050-490X
245 0 _aRegenerative Medicine Research
260 _aFrance
260 _bEDP Sciences
650 _aMedicine
856 _uhttps://doaj.org/toc/b04db6e888bd447da1b5564ad57d851c
942 _2ddc
942 _cDOAJEJ
999 _c70714
_d70714
945 _a1
_bMadushi Gamage
_c1
_dMadushi Gamage